Celoživotná kariéra a trh práce 1 kurikulum študijných programov vybranej skupiny neekonomických študijných odborov : [recenzovaný zborník vedeckých prác]

Gespeichert in:
Bibliographische Detailangaben
Körperschaft: Ekonomická univerzita v Bratislave. Fakulta podnikového manažmentu
Weitere Verfasser: Matulčíková, Marta, 1964-, Dupaľ, Andrej, Joniaková, Zuzana, 1970-
Format: Buch
Sprache:Slowakisch
Veröffentlicht: Bratislava Vydavateľstvo EKONÓM 2013
Schlagworte:
Tags: Tag hinzufügen
Keine Tags, Fügen Sie das erste Tag hinzu!

MARC

LEADER 00000nam a2200000 4500
001 0177667
005 20250321103004.3
020 |a 978-80-225-3714-8 
041 0 |a slo 
044 |a SK 
245 1 0 |a Celoživotná kariéra a trh práce 1  |b kurikulum študijných programov vybranej skupiny neekonomických študijných odborov : [recenzovaný zborník vedeckých prác]  |c redakčné a zostaviteľské práce Marta Matulčíková ; vedeckí recenzenti Andrej Dupaľ, Zuzana Joniaková 
264 1 |a Bratislava  |b Vydavateľstvo EKONÓM  |c 2013 
300 |a 109 s. [5,45 AH] 
610 2 0 |a programy študijné 
610 2 0 |a štúdium vysokoškolské 
610 2 0 |a vzdelávanie vysokoškolské 
610 2 0 |a kariéra 
610 2 0 |a trh práce 
610 2 0 |a kurikulum 
700 1 |a Matulčíková, Marta, 1964- 
700 1 |a Dupaľ, Andrej 
700 1 |a Joniaková, Zuzana, 1970- 
710 2 |a Ekonomická univerzita v Bratislave. Fakulta podnikového manažmentu